MDQL
is popping MORE tags! Check the
thread
!
Quizzes
Events
Quiz Creation
Community
Videos
Private Events
Remove Ads
Sign In
Join for FREE
Feedback
Dark Mode
Quiz Categories
Sports
Geography
Music
Movies
Television
Just For Fun
Miscellaneous
History
Literature
Language
Science
Gaming
Entertainment
Religion
Holiday
For Kids
Quiz Lab
Recent
Popular Today
Quiz Kudos Today
Editor Picks
Curator Picks
Quizzes by...
Day
Popularity
Type
Ratings
Length
Year
Community
Subscriptions
Recent Discussions
Orange Saloon
Badges
Playlists
Quests
Create
Leaderboards
Showdown
Live 5
Trivia Bingo
Activity
Puzzle Library
Sporcle Events
Private Events
Virtual Trivia
Globe League
Become a Host
Pub Owners
SporcleCon
Opinionation
Our Games
Videos
Blog
Mobile Apps
Partnerships
Remove Ads and Go Orange
Feedback
Music
Pop Music
The Beatles
Song
Album
Lyrics
Bands
Singers
Artist
Clip
Rock
Rap
Classical
Billboard
Country Music
Kpop
Taylor Swift
Music
Pop Music
The Beatles
Song
Album
Lyrics
Bands
Singers
Artist
Clip
Rock
Rap
Classical
Billboard
Country Music
Kpop
Taylor Swift
Random Quiz
Search Sporcle
×
Quiz Lab
Quiz Lab
Music
Kpop
Type in answers that appear in a list
Type in answers that appear in a list
Classic
Best Score? Go Orange.
KPOP ROOKIES 2015-2016. Stats
Can you name the ROOKIES 2015-2016.?
By
vaexxi
20m
118 Questions
486 Plays
486 Plays
486 Plays
Comments
Comments
Give Quiz Kudos
Give Quiz Kudos
-
- Ratings
hide this ad
Replay
Link that replays current quiz
Next Quiz
Link to next quiz in quiz playlist
You Got
0%
They Got
Avg Score
47%
Avg Friend Score
Upgrade to see
Score Distribution
Jump to the score distribution portion of the page
Score
0/118
Timer
20:00
0
Plays Today
Hint
Answer
% Correct
SEVENTEEN
Jun
93.6%
iKON
Bobby
93%
iKON
B.I
92.8%
SEVENTEEN
Vernon
91.6%
SEVENTEEN
S.Coups
90.9%
SEVENTEEN
Woozi
90.1%
SEVENTEEN
Dino
88.7%
SEVENTEEN
Joshua
87.9%
SEVENTEEN
The8
87.7%
SEVENTEEN
Hoshi
86.4%
SEVENTEEN
DK
86%
Monsta X
I.M
85.6%
SEVENTEEN
Wonwoo
85%
SEVENTEEN
Mingyu
84.2%
SEVENTEEN
Jeonghan
83.5%
TWICE
Momo
83.1%
TWICE
Tzuyu
82.7%
Monsta X
Shownu
82.3%
SEVENTEEN
Seungkwan
81.3%
Monsta X
Minhyuk
81.1%
Monsta X
Jooheon
78.8%
Monsta X
Wonho
77.8%
iKON
June
77.4%
DAY6
Jae
77.2%
Monsta X
Kihyun
77.2%
TWICE
Sana
76.1%
TWICE
Nayeon
75.3%
iKON
Chanwoo
75.1%
TWICE
Jihyo
74.7%
TWICE
Dahyun
74.5%
TWICE
Mina
74.3%
iKON
Jinhwan
73.5%
Monsta X
Hyungwon
72.8%
ASTRO
Rocky
70.6%
ASTRO
Moonbin
70%
ASTRO
JinJin
69.5%
iKON
Donghyuk
67.1%
ASTRO
Yoon Sanha
66.7%
TWICE
Jungyeon
66.5%
ASTRO
MJ
65.8%
Hint
Answer
% Correct
TWICE
Chaeyoung
65.8%
ASTRO
Cha Eunwoo
64.2%
UP10TION
Xiao
62.3%
iKON
Yunhyeong
61.5%
DAY6
YoungK
55.6%
UP10TION
Wooshin
54.9%
DAY6
Wonpil
53.1%
UP10TION
Wei
52.5%
UP10TION
Bit-to
51.9%
UP10TION
Kuhn
50.4%
UP10TION
Sunyoul
49.2%
UP10TION
Hwanhee
49.2%
WJSN (Cosmic Girls)
EXY
47.3%
UP10TION
Kogyeol
47.3%
UP10TION
Jinhoo
44.4%
Oh My Girl (OMG)
YooA
43.8%
DAY6
Dowoon
43.6%
Oh My Girl (OMG)
Binnie
43.6%
WJSN (Cosmic Girls)
Cheng Xiao
41.2%
UP10TION
Gyujin
40.9%
Oh My Girl (OMG)
Jiho
39.9%
Oh My Girl (OMG)
Mimi
39.7%
Oh My Girl (OMG)
Seunghee
39.7%
KNK
Seungjun
39.5%
DAY6
Sungjin
38.9%
Oh My Girl (OMG)
Arin
38.1%
KNK
Inseong
37%
KNK
Youjin
35.4%
KNK
Heejun
35.2%
KNK
Jihun
34%
Oh My Girl (OMG)
JinE
33.7%
WJSN (Cosmic Girls)
Bona
33.3%
WJSN (Cosmic Girls)
Luda
31.9%
Oh My Girl (OMG)
Hyojung
31.9%
WJSN (Cosmic Girls)
Dawon
31.7%
WJSN (Cosmic Girls)
Mei Qi
31.5%
WJSN (Cosmic Girls)
Dayoung
31.5%
CoCoSoRi
SoRi
31.5%
CoCoSoRi
CoCo
31.5%
N.Flying
Jaehyun
31.1%
Hint
Answer
% Correct
WJSN (Cosmic Girls)
Seola
30.2%
WJSN (Cosmic Girls)
Yeoreum
29.4%
WJSN (Cosmic Girls)
Xuan Yi
28.2%
WJSN (Cosmic Girls)
Eun Seo
27.6%
A6P
Jungyeon
27.6%
WJSN (Cosmic Girls)
Soobin
27.4%
Imfact
Jeup
27.2%
The Ark
Halla
26.7%
The Ark
Yuna Kim
26.1%
The Ark
Jane
25.3%
Imfact
Jian
24.9%
N.Flying
Seunghyub
24.3%
Imfact
Ungjae
23.5%
Romeo
Milo
23.5%
Imfact
Taeho
21.6%
Imfact
Lee Sang
21.2%
The Ark
Minju
20.4%
N.Flying
Cha Hun
19.1%
Romeo
Kyle
19.1%
N.Flying
Kwangjin
17.7%
The Ark
Yujin
16.9%
Romeo
Kangmin
14.8%
Romeo
Hyunkyung
14.6%
Romeo
Seunghwan
14.2%
Romeo
Minsung
13.4%
Romeo
Yunsung
12.3%
A6P
Ado
7.8%
A6P
Jaguar
7.8%
A6P
Jelly-P
7.6%
A6P
Yaho
6.4%
A6P
Actin
6.4%
M.Crown
L.Bin
5.8%
M.Crown
Ruan
5.6%
M.Crown
Jake
5.6%
M.Crown
Taegun
5.6%
M.Crown
Laon
5.6%
M.Crown
Juyeop
5.1%
M.Crown
Jaehyeok
5.1%
Quiz Playlist
Details
Report
Send in Message
Add To Playlist
Classic:
Type in answers that appear in a list
Last Updated: Jul 25, 2017
Quiz Scoreboard
CHALLENGE
Sign Up to Join the Scoreboard
Show All
Scores
Hide
Comments
May contain spoilers
Recently Published
Street Fighter Characters
by Artimus82
Gaming
60s
9x9 Crossword: Cartoon Network
by jackfrog10
Miscellaneous
3m
College Basketball Coaching Resumes
by pancakes188
Sports
9m
More to Explore
Quiz From the Vault
Featured Blog Post
Where Did the Easter Bunny Come From?
hide this ad
You Might Also Like...
Tags
Kpop Quiz
2015-2016
Today's Top Quizzes in Music
Browse Music
hide this ad
Today's Top Quizzes in Kpop
Browse Kpop
Top Contributed Quizzes in Music
1
Taylor Swift All Songs (2024)
2
Guess the Artist- 70s Songs
3
7-to-1: Billboard Hot 100 #1 Hits of 2010s
4
Taylor Swift Logic Puzzle
5
Sorting Albums and Songs
6
KPOP LOGIC QUIZ
7
Guess the Taylor Swift song (Mystery Song)
8
Guess The Taylor Swift Lyrics Song #1
9
Billboard Blitz: ABBA
10
Billboard Blitz: The Beatles
Explore More
Trending Topics
Marvel
Anime
Harry Potter
NBA
Disney
Crossword
Kpop
Pokémon
WWE
Puzzle
Soccer
Country
The Office
NFL
Song
hide this ad
More By:
vaexxi
Quiz
Plays
Rating
Category
Featured
Created
KPOP girl groups
1,451
5.00
Music
Jan 30, 2016
KPOP boy groups.
1,203
5.00
Music
Jan 24, 2016
KPOP ROOKIES 2015-2016.
486
4.50
Music
Mar 12, 2016
MAKNAE.
24
Music
Jan 30, 2016
Rookies 2015-2016.
6
Music
Feb 6, 2016
Go to Creator's Profile
Score Distribution
Quiz Creator Spotlight
vaexxi
Follow
Send a Message
Quizzes Created
-
Created Quiz Play Count
-
More By This Creator
Popular Quizzes Today
1
Find the US States - No Outlines Minefield
2
Find the Countries of Europe - No Outlines Minefield
3
The Countries of the World
4
Find the US States
5
Risky Map Clicking: Biggest States A-Z
6
US States
7
Popular People in 1961
8
Movies - When Are They Set?
More Music Quizzes
'Someone and the Somethings' Band Names
Published
Trending Quizzes
Risky Map Clicking: Least Populous States A-Z
1-10 Letter G Words
Risky Map Clicking: Next State Alphabetically
Adjectives in 80s TV Shows
The Seven Year Switch: Catherine
Recently Updated
Leaping Animals
pecheneg
Reality TV Shows (A-Z)
bhenderson79
Rickey Henderson's Hall of Fame Teammates
pecheneg
Champions League XIs: Arsenal
pecheneg
Quick Pick: Celebrities in WWE's Hall of Fame
aduchscher
A-Z Keypad Blitz II
pecheneg
Multiple Oscar Actors
pecheneg
Mystery Phrase Blitz: Oscar 'Best Actors'
pecheneg
F. Scott Fitzgerald Novels
LTH
Pick 3 Villains
ddd62291
Trending Topics
Disney
Crossword
Marvel
Harry Potter
NBA
Kpop
Anime
Pokémon
Puzzle
Country
WWE
The Office
Soccer
NFL
Song
Your Account Isn't Verified!
In order to create a playlist on Sporcle, you need to verify the email address you used during registration. Go to your
Sporcle Settings
to finish the process.
Report this User
Report this user for behavior that violates our
Community Guidelines
.
Details:
Send Report
Go to the Sporcle.com Mobile Site →
Comments